| 000 | 04071nam0a2200481 4500 | ||
|---|---|---|---|
| 001 | RU\NLR\BIBL_A\011988432 | ||
| 005 | 20250809113131.0 | ||
| 020 |
_aRU _9Ленинград в Великой Отечественной войне. Коллекция. Афиши |
||
| 035 | _a(NLR Aleph) 011988432 | ||
| 090 |
_a10699 _c10699 |
||
| 100 | _a20190412d1943 u y0rusy50 ca | ||
| 101 | 0 | _arus | |
| 102 | _aRU | ||
| 105 | _ay z 000zy | ||
| 135 | _acrcn 024anaba | ||
| 200 | 1 |
_aЛенинградский цирк _eпредставление в 2-х отделениях с прологом, декабрь 1943, 12 воскресенье (утро), 18 суббота (вечер), 19 воскресенье (утро) _e[афиша] _fУправление по делам искусств Исполкома Ленгорсовета, Театральный зал Малого Оперного Театра |
|
| 210 |
_a[Ленинград] _cЛТ УН-9 _d1943 |
||
| 215 |
_a1 л. _d54х72 |
||
| 300 | _aНачало утренника в 11 ч. 30 м., вечерн. представл. в 17 ч. Билеты продаются в кассе Малого Оперного Театра, в кассе театра "Комедия". Касса открыта с 11 ч. до 20 часов | ||
| 300 | _aЗак. 1976 | ||
| 325 | _aКопия доступна в Электрон. б-ке РНБ | ||
| 327 | _aМакс и Максли, музыкальные эксцентрики; Александр и Анатолий Жервэ, танц-жонглеры; 2 Склядневы, акробатическая сценка; Галина и Борис Данилюк, акробаты-эксцентрики; Казини, иллюзионист; Н. Александрович и Г. Поликарпов, акробаты; Петроли, интструменталист; А. Ругби и А. Швец, сатирическая буффонада; З. Алексеева и Н. Фетистов, акробаты; С. Соколов, игра с мячами; 2-Аллини-2, воздушные гимнасты; Возвращение, клоунада; Последняя лошадь, клоунада; В паузах: Павел Алексеевич и К. А. Гузынин; алетный ансамбль. Джаз-оркестр; Тексты представлений К. Гузынина. Зав. музык. частью И. И. Шифельбейн. Худож. оформление - В. А. Петров. Балетмейстер Е.М. Вислоцкая. Режиссеры А. А. Ругби и Л. С. Маслюков. Худож. руков. засл. арт. РСФСР Е. П. Гершуни | ||
| 606 | 1 |
_aТеатральная жизнь _yЛенинград, город _z1941 - 1944 _jАфиши _2nlr_sh2 _3RU\NLR\AUTH\6601649837 |
|
| 686 | _aЩ333(2Р=Рус)7-692Ленинград | ||
| 710 | 0 | 2 |
_aЛенинградский цирк _3RU\NLR\AUTH\880358698 |
| 712 | 0 | 2 |
_aЛенинградский малый театр оперы и балета _3RU\NLR\AUTH\889923401 _4570 |
| 852 |
_aNLR _jЛ3-330а/11-1/3/1943-дек./3 |
||
| 856 | 0 | _uhttp://vivaldi.nlr.ru/la700000355/view | |
| 856 | 1 | _uhttp://vivaldi.nlr.ru/la700000355/cover | |
| 856 | 2 | _uhttp://vivaldi.nlr.ru/la700000355/text | |
| 942 | _cVISUAL | ||
| 945 | _aРоссийская национальная библиотека | ||
| 980 | _aNB | ||
| 980 | _aBV | ||
| 980 | 3 | _akplen | |
| 980 | 3 | _akp | |
| 981 | 3 | 7 |
_a(37) Ленинград в Великой Отечественной войне _b(37) Афиши блокадного Ленинграда |